| 000 | 01013nam a2200301 i 4500 | ||
|---|---|---|---|
| 001 | 768714001 | ||
| 003 | CO-MdFUSB | ||
| 005 | 20241204165757.0 | ||
| 007 | ta | ||
| 008 | 241204t1986 sp ||||| |||| 001 0dspa d | ||
| 020 | _a84-7645-070-2 | ||
| 040 |
_aCO-MdFUSB _bspa _cCO-MdFUSB _dCO-MdFUSB _erda |
||
| 041 | 0 | _aspa | |
| 082 | 0 | 4 |
_a236.24 _223 _bS435q |
| 100 | 1 |
_aScroggie, W. Graham _eautor |
|
| 245 | 1 | 0 |
_a¿Qué sabemos sobre el cielo? _c/ W. Graham Scroggie ; Eliseo Vila |
| 264 | 1 |
_bClie, _aBarcelona, España _c[1986] |
|
| 264 | 4 | _c©1986 | |
| 300 |
_a140 Página _c20 cm |
||
| 336 |
_atexto _btxt _2rdacontent |
||
| 337 |
_2rdamedia _asin mediación _bn |
||
| 338 |
_2rdacarrier _avolumen _bnc |
||
| 505 | _aLa respuesta por inferencia. -- La respuesta de la revelación el estado intermedio antes del segundo advenimiento. -- Respuesta de la revelación el estado final después del segundo advenimiento. | ||
| 563 | _arustica | ||
| 650 | 0 |
_aMuerte _91613 |
|
| 942 | _cBK | ||
| 945 | _aLuz Peña | ||
| 999 |
_c32288 _d32288 |
||